=LDR 00000nam 2200000 4500 =001 INLIS000000000028673 =005 20230202094235 =035 ##$$a 0010-061300000028673 =008 230202###########################0#ind## =041 ##$$a ind =082 ##$$a 425 =090 ##$$a 425, Rak b =100 ##$$a Hidayat, Rachmat Taufiq =245 1#$$a Belajar Mudah Bahasa Inggris /$c Rachmat Taufiq Hidayat =260 ##$$a Yogyakarta :$b Pustaka Pelajar,$c 1996 =300 ##$$a xiii, 276 hlm ; $c 21 cm =650 #4$$a Bahasa Inggris =850 ##$$a NBPNMAT =084 ##$$a 425 HID b =990 ##$$a 124.109/Pro.97 =990 ##$$a 124.109/Pro.97